000 00471nam a2200205Ia 4500
003 IT-RoPAU
008 120407s9999 xx 000 0 und d
040 _aIT-RoPAU
040 _cIT-RoPAU
041 _aita
100 _aRaimondo Spiazzi
245 _aTeologia pastorale didattica. I e II: Kerigmatica e omiletica. III Catechetica.
250 _aTorino
260 _aMarietti
260 _c1965
300 _c25 cm
490 _v1
942 _cBK
999 _c358
_d358